00888cam a2200253 i 450000100070000000500170000700800410002401000170006502000150008202000220009704000180011905000220013710000300015924000300018924501750021925000120039426000320040630000250043849000300046350400260049360000460051965000360056570000330060184702220170126115443.0780410s1979 nyu b 000 0 eng  a 78007325  a0393045064 a0393090353 (pbk.) aDLCcDLCdDLC00aPR2602 b.A3 19791 aJonson, Ben,d1573?-1637.10aWorks.kSelections.f197910aBen Jonson's plays and masques :btexts of the plays and masques, Jonson on his work, contemporary readers on Jonson, criticism /cselected and edited by Robert M. Adams. a1st ed. aNew York :bNorton,cc1979. aix, 502 p. ;c21 cm.0 aA Norton critical edition aBibliography: p. 502.10aJonson, Ben,d1573?-1637xDramatic works. 0aMasquesxHistory and criticism.1 aAdams, Robert Martin,d1915-